Bytový dom

Salvato in:
Dettagli Bibliografici
Autore principale: Matúsová, Diana (Autore)
Altri autori: Minarovičová, Katarína (Relatore della tesi)
Natura: Manoscritto Libro
Lingua:slovacco
Pubblicazione: 2025
Soggetti:
Accesso online:http://is.stuba.sk/zp/portal_zp.pl?podrobnosti=164108
CRZP
Tags: Aggiungi Tag
Nessun Tag, puoi essere il primo ad aggiungerne!!

MARC

LEADER 00000ntm a22000003a 4500
001 stuzp98834
003 SK-STU
005 20250729134223.3
007 ta
008 150427s2015----xo-----f-mn---000-0-slo-d
040 |a STU  |b slo 
041 0 |a slo 
100 1 |a Matúsová, Diana  |u 010180  |4 aut  |U SvF Stavebná fakulta  |T SvF Katedra konštrukcií pozemných stavieb  |X 111900  |U V180  |Y 18  |7 111900 
242 0 1 |a Residential building  |y eng 
245 1 0 |a Bytový dom 
260 |c 2025 
650 4 |a polyfunkcia  |2 slo 
650 4 |a projektová dokumentácia  |2 slo 
650 4 |a stavebné konštrukcie  |2 slo 
650 4 |a bytový dom  |2 slo 
650 4 |a stavebné materiály  |2 slo 
650 4 |a building materials  |2 eng 
650 4 |a apartment building  |2 eng 
650 4 |a polyfunction  |2 eng 
650 4 |a project documentation  |2 eng 
650 4 |a building structures  |2 eng 
700 1 |a Minarovičová, Katarína  |u 010180  |k Z1  |4 ths  |U SvF Stavebná fakulta  |T SvF Katedra konštrukcií pozemných stavieb  |X 773  |U V180  |Y 18  |7 A000000773 
856 4 |u http://is.stuba.sk/zp/portal_zp.pl?podrobnosti=164108 
856 4 |u https://opac.crzp.sk/?fn=detailBiblioForm&sid=4013D2F8FE5692F45ECA214F6B33  |z CRZP